000 00295nam a22001337a 4500
008 210426b ||||| |||| 000| 0 eng d
041 _aeng
080 _a82
082 _a82
100 _a20
101 _aGJL
245 _aDas Grosse Deutsche Balladen Buch
_cPinkerneil.B
942 _2udc
_cBK
999 _c56738
_d56738